| 000 | 00716nam a2200253Ia 4500 | ||
|---|---|---|---|
| 008 | 160901s9999 xx 000 0 und d | ||
| 020 | _a0-07-121489-5 | ||
| 050 | _aComSc QA 76.9 | ||
| 050 | _b.D26M36 2004 | ||
| 100 | _aMannino, Michael V. | ||
| 245 | _aDatabase design, application development, and administration / | ||
| 245 | _cMichael V. Mannino. | ||
| 250 | _a2nd Edition | ||
| 260 | _aNew York : | ||
| 260 | _bMcGraw-Hill., | ||
| 260 | _c2004 | ||
| 300 | _a435 pages : | ||
| 300 | _bill. ; | ||
| 300 | _c25 cm. | ||
| 500 | _aIncludes bibliographical references and index. | ||
| 650 | _aDatabase design. | ||
| 650 | _aDatabase management. | ||
| 650 | _xApplication software -- Development. | ||
| 999 |
_c300922 _d300922 |
||